Tratado de patología médica de los animales domesticos : tomo ii /

Guardado en:
Autor Principal: Liégeois, F.
Formato: Libro
Publicado: Buenos Aires : Eudeba, 1967
Materias:
Etiquetas: Agregar Etiqueta
Sin Etiquetas, Sea el primero en etiquetar este registro!
LEADER 00722nam a22001815a 4500
001 CEM.cems017894
005 20121113125410.0
008 130507s1967##################000#0#####d
003 CEMS
082 0 4 |a 636.089 
100 1 |a Liégeois, F. 
245 1 0 |a Tratado de patología médica de los animales domesticos :  |b tomo ii /  |c F. Liégeois 
260 |a Buenos Aires :  |b Eudeba,  |c 1967 
300 |a 450 p. 
505 0 |a Sistema nervioso cerebroespinal -- Sistema neurovegetativo -- Glándulas endocrinas -- Esqueleto -- Articulaciones -- Músculos -- Aparato urinario -- Aparato genital -- Piel 
653 |a Patología médica 
653 |a Animales domesticos 
859 |a CEMS  |b BIB. CEMS - Agricultura  |h 636.089  |i L623  |p A1677.12  |t Ej.1  |v II  |3 II